Արևի տակ մահ չկա : (Record no. 481186)
[ view plain ]
| 000 -LEADER | |
|---|---|
| fixed length control field | 00796nam a2200217 a 4500 |
| 001 - CONTROL NUMBER | |
| control field | 001353597 |
| 003 - CONTROL NUMBER IDENTIFIER | |
| control field | AM-YeHGA |
| 005 - DATE AND TIME OF LATEST TRANSACTION | |
| control field | 20250618075638.0 |
| 008 - FIXED-LENGTH DATA ELEMENTS--GENERAL INFORMATION | |
| fixed length control field | 170329s2016 ai c|||gr|||||||||p arm|| |
| 020 ## - INTERNATIONAL STANDARD BOOK NUMBER | |
| International Standard Book Number | 9789939701981 |
| 040 ## - CATALOGING SOURCE | |
| Original cataloging agency | AM-YeHGA |
| 041 0# - LANGUAGE CODE | |
| Language code of text/sound track or separate title | arm |
| 090 ## - LOCALLY ASSIGNED LC-TYPE CALL NUMBER (OCLC); LOCAL CALL NUMBER (RLIN) | |
| -- | 484535 |
| 100 1# - MAIN ENTRY--PERSONAL NAME | |
| Personal name | Մելիքսեթյան, Կարո |
| 9 (RLIN) | 1379 |
| 245 10 - TITLE STATEMENT | |
| Title | Արևի տակ մահ չկա : |
| Remainder of title | Բանաստեղծություններ / |
| Statement of responsibility, etc. | Կ. Մելիքսեթյան ; Խմբագիր և առաջաբան՝ Պատրիկ Արտեմի. |
| 260 ## - PUBLICATION, DISTRIBUTION, ETC. | |
| Place of publication, distribution, etc. | Երևան : |
| Name of publisher, distributor, etc. | Վան Արյան, |
| Date of publication, distribution, etc. | 2016. |
| 300 ## - PHYSICAL DESCRIPTION | |
| Extent | 199 էջ : |
| Other physical details | գունավոր դիմանկար ; |
| Dimensions | 20 սմ. |
| 650 14 - SUBJECT ADDED ENTRY--TOPICAL TERM | |
| Topical term or geographic name entry element | Հայ պոեզիա |
| 700 1# - ADDED ENTRY--PERSONAL NAME | |
| Personal name | Պատրիկ Արտեմի |
| Relator term | խմբագիր |
| Relationship | edt |
| Relator term | առաջաբան |
| Relationship | aui |
| 942 ## - ADDED ENTRY ELEMENTS (KOHA) | |
| Source of classification or shelving scheme | Universal Decimal Classification |
| Koha item type | Գրքեր / Books |
| Withdrawn status | Lost status | Source of classification or shelving scheme | Damaged status | Not for loan | Collection | Home library | Current library | Date acquired | Total checkouts | Full call number | Barcode | Date last seen | Price effective from | Koha item type | Public note |
|---|---|---|---|---|---|---|---|---|---|---|---|---|---|---|---|
| Universal Decimal Classification | General | Fundamental Scientific Library | Fundamental Scientific Library | 17/01/2019 | AII/104143 | FL0542948 | 17/01/2019 | 17/01/2019 | Գրքեր / Books | 30 Days Loan | |||||
| Universal Decimal Classification | General | Fundamental Scientific Library | Fundamental Scientific Library | 17/01/2019 | AII/104144 | FL0544150 | 17/01/2019 | 17/01/2019 | Գրքեր / Books | 30 Days Loan |
ՀՀ Գիտությունների ազգային ակադեմիայի հիմնարար գիտական գրադարան = Fundamental Scientific Library of NAS RA
All site content, except where otherwise noted, is licensed under a